Culture Générale - Série 1608 - Statistiques

Statistiques générales
  • Ce quiz a été pris 169 fois
  • Le résultat moyen est 7 sur 10
Statistiques - réponses
Question Réponse % Correct
Dans les Pyrénées, avec le lait de quel animal prépare-t-on le fromage AOC appelé ossau-iraty ? brebis
91%
Quel grand vase en terre cuite est l'homonyme du mâle de l'oie ? jarre
89%
De quelle communauté autonome d'Espagne, Barcelone est-elle la capitale ? Catalogne
85%
Dans l'industrie, quel produit de lavage obtiendrez-vous si vous saponifiez des corps gras ? savon
84%
Sous quel nom de scène était connue Édith Giovanna Gassion ? Édith Piaf
71%
En 2007, quel club de rugby Frédéric Michalak a-t-il quitté, pour rejoindre les Sharks en Afrique du Sud ? Stade Toulousain
65%
Quel mot désigne à la fois un gros coquillage et une vasque contenant de l'eau consacrée ? bénitier
64%
De quelle ville de Lorraine est originaire le graveur et dessinateur du XVIIe siècle Jacques Callot ? Nancy
63%
A quelle romancière britannique, prénommée Jane, doit-on l'oeuvre : "Orgueil et Préjugé", publiée en 1813 ? Jane Austen
36%
À quel peintre français doit-on “L'Odalisque à la culotte rouge” ? Henri Matisse
14%
Aucun quiz correspondant
Distribution des résultats
% des personnes avec chaque résultat
Percentile par nombre de réponses
Votre historique - résultats
Vous n’avez pas pris ce quiz